[Event "XXVII Miedzynarodowy Turniej im. Tadeus"]
[Site "Police"]
[Date "2012.??.??"]
[Round "5.12"]
[White "Jacek, Roksana"]
[Black "Maruszczak, Joanna"]
[Result "1-0"]
[WhiteElo "1861"]
[BlackElo "1811"]
[PlyCount "53"]

1. e4 g6 2. c3 Bg7 3. Nf3 d6 4. Bc4 Nd7 5. d4 Ngf6 6. e5 Ne4 7. Qe2 f5 8. Nbd2
Nb6 9. Bb3 d5 10. O-O O-O 11. Nxe4 fxe4 12. Qxe4 Bf5 13. Qh4 h5 14. Bg5 Rf7 15.
Qg3 Qe8 16. Nh4 e6 17. Nxf5 Rxf5 18. Bc2 Rf8 19. Be3 Kh7 20. Qg5 Rf5 21. Bxf5
gxf5 22. Qh4 Qf7 23. Bg5 Rg8 24. f4 Nc4 25. Rf3 b6 26. Rh3 Kg6 27. Qxh5# 1-0

[Event "XXVII Miedzynarodowy Turniej im. Tadeus"]
[Site "Police"]
[Date "2012.??.??"]
[Round "5.13"]
[White "Graf, Pawel"]
[Black "Oleniak, Wlodzimierz"]
[Result "1-0"]
[WhiteElo "2120"]
[BlackElo "1863"]
[PlyCount "51"]

1. e4 e5 2. Nf3 Nf6 3. Nxe5 d6 4. Nf3 Nxe4 5. c3 Be7 6. Qa4+ Bd7 7. Qxe4 Bc6 8.
Qc2 O-O 9. Be2 Nd7 10. d4 f5 11. Bc4+ Kh8 12. d5 Nb6 13. dxc6 Nxc4 14. cxb7 Rb8
15. O-O Rxb7 16. Nbd2 Ne5 17. Nxe5 dxe5 18. Nf3 e4 19. Nd4 Rb6 20. Bf4 Bg5 21.
Bxg5 Qxg5 22. b4 Rh6 23. f3 e3 24. f4 Qh4 25. g3 Qe7 26. Nxf5 1-0

[Event "XXVII Miedzynarodowy Turniej im. Tadeus"]
[Site "Police"]
[Date "2012.??.??"]
[Round "6.1"]
[White "Musialkiewicz, Jan"]
[Black "Tomczak, Jacek"]
[Result "1/2-1/2"]
[WhiteElo "2189"]
[BlackElo "2556"]
[PlyCount "110"]

1. e4 c6 2. Nf3 d5 3. Nc3 Bg4 4. h3 Bxf3 5. Qxf3 e6 6. d3 Nd7 7. g3 g6 8. Bg2
Bg7 9. O-O Ne7 10. Bd2 d4 11. Nd1 O-O 12. Qe2 e5 13. f4 f5 14. Nf2 Qc7 15. Rae1
Rae8 16. Qd1 Bh6 17. Qc1 exf4 18. gxf4 fxe4 19. Ng4 e3 20. Nxh6+ Kg7 21. Bxe3
dxe3 22. Ng4 Nf5 23. Be4 Ng3 24. Rf3 Nxe4 25. dxe4 h5 26. Nxe3 Rxe4 27. Ng2
Qb6+ 28. Kh1 Rxe1+ 29. Nxe1 Qd4 30. Rd3 Qe4+ 31. Ng2 Nf6 32. Re3 Qd5 33. c4 Qd4
34. Qc2 Rf7 35. Re5 Rd7 36. Kh2 Kf7 37. Qe2 b6 38. b3 Qc3 39. f5 g5 40. Re8
Nxe8 41. Qe6+ Kf8 42. Qxd7 Qe5+ 43. Kg1 Qc5+ 44. Kh1 Nf6 45. Qc8+ Kg7 46. h4
Qe5 47. hxg5 Qa1+ 48. Kh2 Ng4+ 49. Kh3 Qh1+ 50. Kg3 Qh2+ 51. Kf3 Qh3+ 52. Kf4
Qh2+ 53. Kf3 Qh3+ 54. Kf4 Qh2+ 55. Kf3 Qh3+ 1/2-1/2

[Event "XXVII Miedzynarodowy Turniej im. Tadeus"]
[Site "Police"]
[Date "2012.??.??"]
[Round "6.2"]
[White "Shishkin, Vadim"]
[Black "Przybylski, Wojciech"]
[Result "1-0"]
[WhiteElo "2485"]
[BlackElo "2330"]
[PlyCount "141"]

1. d4 Nf6 2. c4 e6 3. Nc3 Bb4 4. Qc2 d5 5. a3 Bxc3+ 6. Qxc3 dxc4 7. Qxc4 b6 8.
Nf3 Ba6 9. Qa4+ Qd7 10. Qc2 Qc6 11. Qxc6+ Nxc6 12. Bf4 Nd5 13. Bd2 Rc8 14. Rc1
Nb8 15. Ne5 c5 16. dxc5 Rxc5 17. Rxc5 bxc5 18. e4 Bxf1 19. Rxf1 Nb6 20. Ke2 f6
21. Nd3 c4 22. Nc5 Ke7 23. Be3 Rc8 24. Rd1 Nc6 25. Nb7 Na4 26. Nd6 Rb8 27. Nxc4
Nxb2 28. Bc5+ Ke8 29. Rd6 Nxc4 30. Rxc6 Rb2+ 31. Kd1 a5 32. Rxe6+ Kd7 33. Ra6
Ra2 34. Kc1 Re2 35. g3 Rxe4 36. Kc2 Ne5 37. Rxa5 Re2+ 38. Kc3 Ng4 39. Ra7+ Kc6
40. Rxg7 Kxc5 41. Rxg4 Rxf2 42. Rc4+ Kd5 43. Rh4 f5 44. Rxh7 f4 45. Rd7+ Kc5
46. Rc7+ Kd6 47. Rg7 Rxh2 48. gxf4 Rh3+ 49. Kb4 Rh4 50. Rf7 Rh1 51. a4 Rb1+ 52.
Kc4 Rc1+ 53. Kb5 Rb1+ 54. Ka6 Rb4 55. a5 Ke6 56. Rf8 Ke7 57. Rf5 Ke6 58. Re5+
Kd6 59. Rf5 Ke6 60. Rb5 Rxf4 61. Kb6 Kd7 62. a6 Rc4 63. a7 Rc6+ 64. Ka5 Rc1 65.
Rb8 Kc7 66. a8=Q Ra1+ 67. Kb5 Rb1+ 68. Kc5 Rxb8 69. Qc6+ Kd8 70. Kd6 Rc8 71.
Qd7# 1-0

[Event "XXVII Miedzynarodowy Turniej im. Tadeus"]
[Site "Police"]
[Date "2012.??.??"]
[Round "6.3"]
[White "Urban, Klaudiusz"]
[Black "Olszewski, Michal"]
[Result "1/2-1/2"]
[WhiteElo "2453"]
[BlackElo "2526"]
[PlyCount "42"]

1. d4 Nf6 2. c4 e6 3. Nc3 Bb4 4. e3 O-O 5. Bd3 c5 6. Nge2 Nc6 7. O-O d5 8. cxd5
exd5 9. a3 Bxc3 10. Nxc3 cxd4 11. exd4 h6 12. Bb5 Ne7 13. Re1 Bg4 14. f3 Be6
15. Be3 Rc8 16. Bf1 Nf5 17. Bf2 Nd7 18. Qd2 Nb6 19. b3 Ne7 20. Rec1 Nc6 21. Ne2
Re8 1/2-1/2

[Event "XXVII Miedzynarodowy Turniej im. Tadeus"]
[Site "Police"]
[Date "2012.??.??"]
[Round "6.5"]
[White "Vysochin, Spartak"]
[Black "Chlost, Marlena"]
[Result "1-0"]
[WhiteElo "2533"]
[BlackElo "2186"]
[PlyCount "51"]

1. e4 c5 2. c3 d6 3. d4 Nf6 4. Bd3 g6 5. dxc5 dxc5 6. e5 Nh5 7. h3 Bf5 8. Bb5+
Nc6 9. g4 Qxd1+ 10. Kxd1 Bxb1 11. Rxb1 O-O-O+ 12. Kc2 Ng7 13. Bxc6 bxc6 14. Be3
h5 15. Ne2 Ne6 16. f4 Bh6 17. g5 Bg7 18. Rbd1 Rd5 19. c4 Rdd8 20. Rhg1 Rhe8 21.
Nc3 Rxd1 22. Kxd1 f6 23. gxf6 exf6 24. Rxg6 Bh8 25. Ne4 Nf8 26. Rg8 1-0

[Event "XXVII Miedzynarodowy Turniej im. Tadeus"]
[Site "Police"]
[Date "2012.??.??"]
[Round "6.6"]
[White "Hnydiuk, Aleksander"]
[Black "Smieszek, Wojciech"]
[Result "1-0"]
[WhiteElo "2427"]
[BlackElo "1809"]
[PlyCount "77"]

1. d4 Nf6 2. c4 g6 3. Nc3 Bg7 4. g3 O-O 5. Bg2 d6 6. Nf3 Nbd7 7. O-O e5 8. e4
c6 9. h3 Re8 10. Be3 exd4 11. Nxd4 Nc5 12. Qc2 Qe7 13. Rfe1 a5 14. Rad1 Be6 15.
b3 Na6 16. Qd2 Red8 17. Nxe6 fxe6 18. Na4 Nc7 19. Nb6 Rab8 20. e5 dxe5 21. Qxa5
Nd7 22. Qa7 Nxb6 23. Bxb6 Rdc8 24. Bc5 Qf7 25. Bd6 Bf8 26. Bxf8 Rxf8 27. Rd2
Qg7 28. Red1 Qf6 29. Bxc6 bxc6 30. Qxc7 Rbc8 31. Qd6 e4 32. Qd4 e5 33. Qxe4 Qe6
34. Kg2 Rf6 35. Rd8+ Rxd8 36. Rxd8+ Kg7 37. Rd2 Rf7 38. Re2 Re7 39. f4 1-0

[Event "XXVII Miedzynarodowy Turniej im. Tadeus"]
[Site "Police"]
[Date "2012.??.??"]
[Round "6.7"]
[White "Kula, Robert"]
[Black "Schmidt, Wlodzimierz"]
[Result "1/2-1/2"]
[WhiteElo "2341"]
[BlackElo "2382"]
[PlyCount "20"]

1. d4 Nf6 2. c4 g6 3. Bg5 Ne4 4. Bf4 c5 5. Qc2 d5 6. cxd5 Bf5 7. Qa4+ Bd7 8.
Qc2 Bf5 9. Qa4+ Bd7 10. Qc2 Bf5 1/2-1/2

[Event "XXVII Miedzynarodowy Turniej im. Tadeus"]
[Site "Police"]
[Date "2012.??.??"]
[Round "6.8"]
[White "Musialkiewicz, Pawel"]
[Black "Franzen, Jozef"]
[Result "1-0"]
[WhiteElo "2090"]
[BlackElo "2304"]
[PlyCount "83"]

1. d4 Nf6 2. c4 d6 3. Nc3 c6 4. e4 e5 5. Nf3 Nbd7 6. Be2 g6 7. O-O Bg7 8. Bg5
h6 9. Be3 O-O 10. Ne1 exd4 11. Bxd4 Re8 12. f3 Qe7 13. Qd2 Nc5 14. Nc2 Kh7 15.
Rad1 Ne6 16. Bf2 Nh5 17. Be3 g5 18. Qxd6 Qxd6 19. Rxd6 Nhf4 20. Re1 Be5 21.
Rdd1 Nxe2+ 22. Rxe2 Nf4 23. Red2 Be6 24. g3 Ng6 25. Na3 Bxc3 26. bxc3 Ne5 27.
Kf2 b6 28. c5 b5 29. Bd4 Nd7 30. Nc2 a5 31. Ne3 Kg6 32. f4 f5 33. g4 gxf4 34.
exf5+ Kh7 35. Ng2 Bf7 36. Nxf4 Re4 37. Kg3 Rae8 38. h4 Ne5 39. g5 Bc4 40. g6+
Kg8 41. f6 Rxf4 42. Bxe5 1-0

[Event "XXVII Miedzynarodowy Turniej im. Tadeus"]
[Site "Police"]
[Date "2012.??.??"]
[Round "6.9"]
[White "Tokarczyk, Tomasz"]
[Black "Jacek, Roksana"]
[Result "1-0"]
[WhiteElo "2220"]
[BlackElo "1861"]
[PlyCount "77"]

1. d4 Nf6 2. c4 c5 3. d5 b5 4. cxb5 a6 5. bxa6 Bxa6 6. Nc3 d6 7. g3 g6 8. Bg2
Bg7 9. Nf3 O-O 10. O-O Nbd7 11. Rb1 Qa5 12. Bd2 Rfb8 13. Qc2 h6 14. b3 Ng4 15.
a4 Qc7 16. h3 Ngf6 17. Rfe1 Ra7 18. e4 Rab7 19. Bf1 Bxf1 20. Kxf1 Ne8 21. Kg2
Qc8 22. h4 Rb6 23. Nb5 Ra8 24. Rec1 Nc7 25. Nxc7 Qxc7 26. b4 Qa7 27. a5 Rb5 28.
bxc5 Rxc5 29. Qa4 Rxc1 30. Rxc1 Nc5 31. Qc4 Rb8 32. Rc2 Nb3 33. Ra2 Nxd2 34.
Nxd2 Qa8 35. a6 Rc8 36. Qb5 Rb8 37. Qd7 Rb6 38. a7 Rb7 39. Qxb7 1-0

[Event "XXVII Miedzynarodowy Turniej im. Tadeus"]
[Site "Police"]
[Date "2012.??.??"]
[Round "6.11"]
[White "Korbal, Arkadiusz"]
[Black "Graf, Pawel"]
[Result "1-0"]
[WhiteElo "2127"]
[BlackElo "2120"]
[PlyCount "197"]

1. d4 d5 2. c4 e6 3. Nf3 Nf6 4. g3 dxc4 5. Qa4+ Nbd7 6. Bg2 a6 7. Qxc4 b5 8.
Qc2 Ra7 9. O-O c5 10. Bf4 Bb7 11. a4 Qa8 12. axb5 axb5 13. Rxa7 Qxa7 14. Nc3
Qa6 15. dxc5 Bxc5 16. Qb3 b4 17. Na4 Be7 18. Qd1 O-O 19. b3 Rd8 20. Qc2 Rc8 21.
Qd1 Bf8 22. Ne5 Bxg2 23. Kxg2 Nxe5 24. Bxe5 Qc6+ 25. Kg1 Ne4 26. Nb2 f6 27. Bf4
Nc3 28. Qc2 Qb5 29. Nc4 Ra8 30. Qd3 e5 31. Bc1 e4 32. Qc2 Qh5 33. Re1 Ra1 34.
Kg2 Bc5 35. Qd2 h6 36. Qd7 Rxc1 37. Rxc1 Nxe2 38. Qe6+ Kh8 39. g4 Qg5 40. Qc8+
Kh7 41. Re1 Nf4+ 42. Kf1 Nd3 43. Ra1 Nxf2 44. Qf5+ Qxf5 45. gxf5 Nd3 46. Nd2
Bd4 47. Ra8 Nc5 48. Re8 Bc3 49. Nxe4 Nxe4 50. Rxe4 h5 51. Rc4 g6 52. fxg6+ Kxg6
53. Kf2 Kg5 54. Kf3 Kf5 55. Rc5+ Kg6 56. Ke4 Be1 57. Rc1 Bd2 58. Rg1+ Kh6 59.
Kf5 Bc3 60. h4 Kh7 61. Ke6 Bd4 62. Rg2 Bc3 63. Kf5 Bd4 64. Rg6 Bf2 65. Rxf6
Bxh4 66. Rf7+ Kh6 67. Rb7 Be1 68. Rb6+ Kg7 69. Kg5 Kf7 70. Kxh5 Ke7 71. Rc6 Kd7
72. Rc4 Kd6 73. Kg4 Kd5 74. Kf3 Bc3 75. Ke3 Be1 76. Kd3 Bc3 77. Rg4 Be1 78.
Rg5+ Kd6 79. Kc4 Kc6 80. Rg6+ Kc7 81. Kb5 Bc3 82. Rh6 Be1 83. Rh7+ Kd6 84. Kb6
Bd2 85. Rh3 Bc3 86. Rd3+ Ke6 87. Kb5 Ke7 88. Kc4 Ke6 89. Rxc3 bxc3 90. Kxc3 Kd6
91. Kb4 Kc7 92. Kb5 Kb7 93. b4 Ka7 94. Kc6 Kb8 95. Kb6 Ka8 96. Kc7 Ka7 97. b5
Ka8 98. Kb6 Kb8 99. Ka6 1-0

[Event "XXVII Miedzynarodowy Turniej im. Tadeus"]
[Site "Police"]
[Date "2012.??.??"]
[Round "6.12"]
[White "Snihur, Piotr"]
[Black "Pawlicz, Adam"]
[Result "1-0"]
[WhiteElo "2001"]
[BlackElo "2079"]
[PlyCount "77"]

1. e4 c6 2. Ne2 d5 3. e5 Bf5 4. d4 e6 5. Nd2 Ne7 6. Nf3 c5 7. dxc5 Nec6 8. c3
Bxc5 9. b4 Be7 10. Ned4 Bg4 11. Bf4 Nxd4 12. Qxd4 Nc6 13. Bb5 Qc7 14. O-O O-O
15. Qe3 Rfd8 16. Nd4 Qb6 17. Nxc6 bxc6 18. Qxb6 axb6 19. Bxc6 Ra3 20. Rfc1 Be2
21. b5 Bc5 22. Be3 Bxe3 23. fxe3 Rc8 24. Kf2 Bd3 25. Ke1 Rc7 26. Kd2 Bc4 27.
Rc2 Rca7 28. Rb2 h6 29. g3 Kh7 30. e4 d4 31. cxd4 Rd3+ 32. Ke1 Rxd4 33. a4 Ra5
34. Rb4 Bxb5 35. Rxb5 Rdxa4 36. Rxa4 Rxa4 37. Rxb6 Ra2 38. h4 Rg2 39. Rb3 1-0

[Event "XXVII Miedzynarodowy Turniej im. Tadeus"]
[Site "Police"]
[Date "2012.??.??"]
[Round "6.13"]
[White "Kurpiewski, Slawomir"]
[Black "Radwan, Leszek"]
[Result "1/2-1/2"]
[WhiteElo "2168"]
[BlackElo "2091"]
[PlyCount "90"]

1. d4 Nf6 2. c4 g6 3. Nc3 Bg7 4. g3 d6 5. Bg2 O-O 6. Nf3 Nbd7 7. O-O c5 8. d5
Nb6 9. Nd2 Nfd7 10. Qb3 a5 11. a4 Nb8 12. Nb5 Na6 13. e4 Nb4 14. h3 Bd7 15. f4
Qc8 16. Kh2 Bxb5 17. axb5 a4 18. Qd1 Nd3 19. Qc2 Nxc1 20. Rfxc1 e6 21. Ra3 e5
22. f5 Bh6 23. Rd1 f6 24. Rf3 Bxd2 25. Rxd2 g5 26. Ra3 Qe8 27. Bf3 Qf7 28. Be2
Kh8 29. Rd1 h5 30. Rda1 Qh7 31. Qc1 h4 32. g4 Ra7 33. Bd1 Rfa8 34. Kg2 Qc7 35.
Kf2 Nd7 36. Ke3 b6 37. Bxa4 Qb7 38. Qc3 Ra5 39. Bd1 Qa7 40. Kd3 Kg8 41. Qb3 Qb7
42. Ra4 Rxa4 43. Rxa4 Rxa4 44. Qxa4 Nb8 45. Kc3 Kf7 1/2-1/2

[Event "XXVII Miedzynarodowy Turniej im. Tadeus"]
[Site "Police"]
[Date "2012.??.??"]
[Round "6.14"]
[White "Przybylska, Agata"]
[Black "Maruszczak, Joanna"]
[Result "1/2-1/2"]
[WhiteElo "1651"]
[BlackElo "1811"]
[PlyCount "85"]

1. d4 Nf6 2. c4 g6 3. g3 Bg7 4. Bg2 O-O 5. Nc3 d6 6. Nf3 Nbd7 7. e4 e5 8. O-O
c6 9. Bg5 h6 10. Bxf6 Qxf6 11. d5 c5 12. Rb1 Qd8 13. b4 cxb4 14. Rxb4 Nc5 15.
Qb1 f5 16. Nh4 Kh7 17. exf5 gxf5 18. Nd1 e4 19. Ne3 b6 20. Rb5 Kg8 21. Ng6 Rf7
22. Qd1 Ba6 23. Rb1 Rc8 24. Bh3 Qg5 25. Nf4 Be5 26. Ne6 Qg6 27. Nxc5 Rxc5 28.
f4 Bg7 29. Rb4 h5 30. Ra4 Bc8 31. Kf2 Rfc7 32. Qd2 Kf8 33. Rb1 Bd7 34. Ra6 h4
35. Rb3 hxg3+ 36. hxg3 Qh5 37. Bg2 Bc8 38. Ra4 Qe8 39. Rab4 Ba6 40. Bf1 Qh5 41.
Kg1 Qg6 42. Kf2 Bc8 43. Nc2 1/2-1/2

[Event "XXVII Miedzynarodowy Turniej im. Tadeus"]
[Site "Police"]
[Date "2012.??.??"]
[Round "6.15"]
[White "Maliszewski, Jaroslaw"]
[Black "Kuciel, Wladyslaw"]
[Result "0-1"]
[WhiteElo "1796"]
[BlackElo "2002"]
[PlyCount "106"]

1. c4 Nf6 2. Nc3 c5 3. e4 Nc6 4. Nf3 d6 5. d4 cxd4 6. Nxd4 g6 7. Be2 Bg7 8. Be3
O-O 9. Qd2 Ng4 10. Nxc6 bxc6 11. Bxg4 Bxg4 12. Bh6 Rb8 13. b3 Qa5 14. Rc1 Bxh6
15. Qxh6 Be6 16. h4 Qe5 17. h5 g5 18. O-O Qg7 19. Qxg7+ Kxg7 20. f4 f6 21. f5
Bd7 22. c5 Rfd8 23. Rfd1 d5 24. exd5 Bxf5 25. dxc6 Rdc8 26. Nd5 Kf7 27. c7 Rb7
28. Rd4 Be6 29. g4 Bxd5 30. Rxd5 Rb4 31. Rc4 Rxc4 32. bxc4 Rxc7 33. Kf2 Ke6 34.
Ke3 Rc6 35. Kd4 Ra6 36. Rd8 Rxa2 37. Rh8 Rg2 38. Rxh7 Rxg4+ 39. Kc3 a5 40. Rh8
Rg3+ 41. Kc2 Kd7 42. h6 Rh3 43. Ra8 Rxh6 44. Kb3 g4 45. Ka4 f5 46. Kb5 f4 47.
Ra7+ Ke8 48. c6 Rxc6 49. Kxc6 f3 50. Ra8+ Kf7 51. Rxa5 Ke6 52. Rh5 f2 53. Rh6+
Ke5 0-1

[Event "XXVII Miedzynarodowy Turniej im. Tadeus"]
[Site "Police"]
[Date "2012.??.??"]
[Round "6.16"]
[White "Oleniak, Wlodzimierz"]
[Black "Lanica, Lukasz"]
[Result "1/2-1/2"]
[WhiteElo "1863"]
[BlackElo "1675"]
[PlyCount "153"]

1. d4 Nf6 2. c4 e5 3. dxe5 Ng4 4. Nf3 Bc5 5. e3 Nc6 6. a3 a5 7. Bd2 O-O 8. Nc3
Ngxe5 9. Ne4 Qe7 10. Nxc5 Qxc5 11. Nxe5 Nxe5 12. Bc3 Re8 13. Qd5 d6 14. Rd1 Bg4
15. Qxc5 dxc5 16. Rd5 f6 17. h3 Bf5 18. Rxc5 c6 19. Bxe5 fxe5 20. f4 Be4 21.
Rxe5 Rxe5 22. fxe5 Re8 23. Rh2 Rxe5 24. g4 Kf7 25. Kd2 Re7 26. c5 Ke6 27. Kc3
Kd5 28. b4 axb4+ 29. axb4 Ke5 30. Rf2 Rd7 31. Be2 Bg6 32. Rf4 Re7 33. h4 h6 34.
h5 Be4 35. Bc4 Bh7 36. Bd3 Bxd3 37. Kxd3 Rd7+ 38. Rd4 Rf7 39. Rd6 Re7 40. Rd4
Rc7 41. Rf4 Rd7+ 42. Kc4 Re7 43. b5 Rd7 44. b6 Re7 45. Rf8 Ke4 46. Rc8 Kf3 47.
Rc7 Re4+ 48. Kb3 Rxe3+ 49. Kb4 Re4+ 50. Ka5 Rc4 51. Rxb7 Rxc5+ 52. Kb4 Rb5+ 53.
Kc4 Kxg4 54. Rxg7+ Kxh5 55. b7 Kh4 56. Rg6 h5 57. Rxc6 Rxb7 58. Kd3 Re7 59. Rg6
Kh3 60. Kd2 Re4 61. Rg1 h4 62. Kd3 Re8 63. Kd2 Kh2 64. Rg4 h3 65. Rg6 Re5 66.
Rg8 Kh1 67. Rg3 h2 68. Rg6 Re8 69. Rg5 Re6 70. Rg7 Re5 71. Rg6 Re8 72. Rg7 Re6
73. Rg5 Ra6 74. Ke2 Ra1 75. Kf2 Rg1 76. Rh5 Rg2+ 77. Kf1 1/2-1/2

[Event "XXVII Miedzynarodowy Turniej im. Tadeus"]
[Site "Police"]
[Date "2012.??.??"]
[Round "7.2"]
[White "Tomczak, Jacek"]
[Black "Vysochin, Spartak"]
[Result "0-1"]
[WhiteElo "2556"]
[BlackElo "2533"]
[PlyCount "80"]

1. e4 e6 2. d4 d5 3. Nc3 Bb4 4. e5 c5 5. a3 Bxc3+ 6. bxc3 Ne7 7. h4 Qa5 8. Bd2
Qa4 9. h5 h6 10. Nf3 Nbc6 11. Rh4 Nf5 12. Rf4 cxd4 13. Bd3 b6 14. Qe2 Bd7 15.
cxd4 Rc8 16. Bb5 Qxc2 17. Rc1 Qb2 18. Rxf5 O-O 19. Bxc6 Rxc6 20. Rxc6 Bxc6 21.
Bb4 Qb1+ 22. Qd1 Qe4+ 23. Qe2 Qxf5 24. Bxf8 Kxf8 25. Qa6 Qb1+ 26. Kd2 Qb2+ 27.
Ke3 Qc1+ 28. Ke2 Qc4+ 29. Qxc4 dxc4 30. Ne1 b5 31. f3 a5 32. Nc2 g6 33. hxg6
fxg6 34. Kd2 h5 35. Kc3 h4 36. Ne3 Kg7 37. Kd2 Kh6 38. a4 c3+ 39. Kxc3 b4+ 40.
Kb3 Kg5 0-1

[Event "XXVII Miedzynarodowy Turniej im. Tadeus"]
[Site "Police"]
[Date "2012.??.??"]
[Round "7.3"]
[White "Olszewski, Michal"]
[Black "Chojnacki, Krzysztof"]
[Result "1/2-1/2"]
[WhiteElo "2526"]
[BlackElo "2441"]
[PlyCount "114"]

1. d4 Nf6 2. c4 g6 3. Nc3 Bg7 4. e4 d6 5. h3 O-O 6. Nf3 e5 7. d5 a5 8. Bg5 Na6
9. Be2 Qe8 10. Nd2 Nd7 11. a3 f6 12. Bh4 Nb6 13. b3 Bh6 14. Rb1 Bd7 15. Qc2 c6
16. O-O cxd5 17. exd5 Nc5 18. f3 Be3+ 19. Bf2 Bf5 20. Nde4 Bd4 21. Nb5 Bxf2+
22. Rxf2 Qe7 23. b4 axb4 24. axb4 Na6 25. Qb3 Bxe4 26. fxe4 Kg7 27. Qe3 Nc8 28.
Bg4 Nc7 29. Nc3 Ra3 30. Qc1 Ra8 31. Nd1 h5 32. Bxh5 gxh5 33. Ne3 Kh8 34. Rf5
Rf7 35. Rxh5+ Rh7 36. Nf5 Qf7 37. Rxh7+ Qxh7 38. Rb3 Ne7 39. Nxe7 Qxe7 40. Qh6+
Qh7 41. Qxf6+ Qg7 42. Qxd6 Ne8 43. Qe6 Nf6 44. Qxe5 Re8 45. Qf5 b5 46. c5 Rxe4
47. Rf3 Re1+ 48. Kf2 Ne4+ 49. Kxe1 Qa1+ 50. Ke2 Ng3+ 51. Rxg3 Qd1+ 52. Ke3 Qe2+
53. Kf4 Qe4+ 54. Kg5 Qh4+ 55. Kg6 Qh6+ 56. Kf7 Qg7+ 57. Ke6 Qe7+ 1/2-1/2

[Event "XXVII Miedzynarodowy Turniej im. Tadeus"]
[Site "Police"]
[Date "2012.??.??"]
[Round "7.4"]
[White "Hnydiuk, Aleksander"]
[Black "Urban, Klaudiusz"]
[Result "0-1"]
[WhiteElo "2427"]
[BlackElo "2453"]
[PlyCount "172"]

1. e4 c6 2. d4 d5 3. e5 Bf5 4. Nf3 e6 5. Be2 Nd7 6. O-O h6 7. Nbd2 Ne7 8. Nb3
Bg6 9. Bd2 Nf5 10. c4 dxc4 11. Na5 Rb8 12. Nxc4 Nb6 13. Ba5 Bh5 14. Qd3 Bxf3
15. Bxf3 Qxd4 16. Qxd4 Nxd4 17. Nxb6 axb6 18. Bxb6 Nxf3+ 19. gxf3 Be7 20. Rfd1
Bd8 21. Bc5 Bc7 22. Rd3 Bxe5 23. Rad1 Bf6 24. Bb6 O-O 25. Rb3 Ra8 26. a3 Rfe8
27. Rd6 c5 28. Rb5 c4 29. Bd4 Bxd4 30. Rxd4 c3 31. bxc3 Rxa3 32. Rc5 Re7 33.
Rc8+ Kh7 34. Rdc4 Rd7 35. Kg2 Rb3 36. R8c7 Rxc7 37. Rxc7 Kg6 38. c4 Kf6 39. c5
Rb5 40. c6 bxc6 41. Rxc6 Rg5+ 42. Kf1 Kg6 43. Rc7 f6 44. Rc6 e5 45. Rc4 Kh5 46.
Rb4 Rg6 47. Rc4 Rg5 48. Rb4 g6 49. h3 Rf5 50. Kg2 Rg5+ 51. Kh2 Rf5 52. Kg3 Rf4
53. Rb6 Kg5 54. Rc6 Rd4 55. Rb6 Kf5 56. Rc6 Rd3 57. Kg2 h5 58. Rb6 g5 59. Rc6
Rd4 60. Rb6 g4 61. hxg4+ hxg4 62. fxg4+ Rxg4+ 63. Kf3 Rf4+ 64. Ke3 Kg4 65. Rc6
Rf3+ 66. Ke2 f5 67. Rg6+ Kf4 68. Rb6 Rc3 69. Rb4+ e4 70. Rb5 Rc2+ 71. Kf1 Kg4
72. Rb4 Kf4 73. Kg2 Rd2 74. Rc4 Ke5 75. Rc5+ Rd5 76. Rc8 f4 77. Rf8 f3+ 78. Kg3
Rd7 79. Rg8 Kd4 80. Rg6 Kd3 81. Rg8 Ke2 82. Rf8 Rg7+ 83. Kf4 Kxf2 84. Kxe4 Kg2
85. Ke3 Re7+ 86. Kd2 Kf2 0-1

[Event "XXVII Miedzynarodowy Turniej im. Tadeus"]
[Site "Police"]
[Date "2012.??.??"]
[Round "7.5"]
[White "Malisauskas, Vidmantas"]
[Black "Kula, Robert"]
[Result "1/2-1/2"]
[WhiteElo "2460"]
[BlackElo "2341"]
[PlyCount "103"]

1. d4 d5 2. c4 c6 3. Nf3 Nf6 4. e3 e6 5. Nbd2 Be7 6. Bd3 O-O 7. O-O Nbd7 8. Qe2
Re8 9. e4 dxe4 10. Nxe4 Nxe4 11. Qxe4 Nf8 12. Rd1 Bd7 13. Ne5 f6 14. Nxd7 Qxd7
15. Be3 Bd6 16. Qf3 Rad8 17. g3 Qe7 18. Rac1 e5 19. c5 Bb8 20. Bc4+ Kh8 21. d5
e4 22. d6 Qxd6 23. Qh5 Qe7 24. Qf7 Qxf7 25. Bxf7 Rxd1+ 26. Rxd1 Rc8 27. Rd4 f5
28. Rb4 Rc7 29. Bc4 Rd7 30. Ba6 bxa6 31. Rxb8 Kg8 32. Rc8 Kf7 33. Rxc6 Ng6 34.
Rxa6 Rd1+ 35. Kg2 Ne5 36. Rxa7+ Ke6 37. Ra6+ Kf7 38. Ra7+ Kf6 39. g4 Nf3 40.
gxf5 Rg1+ 41. Kh3 h5 42. Rd7 Kxf5 43. Rd5+ Ke6 44. Rxh5 g5 45. Bxg5 Nxg5+ 46.
Kh4 Kf5 47. Rh8 Nf7 48. Rf8 Rg7 49. c6 Kf4 50. Kh5 Rg5+ 51. Kh4 Rg7 52. Kh5
1/2-1/2

[Event "XXVII Miedzynarodowy Turniej im. Tadeus"]
[Site "Police"]
[Date "2012.??.??"]
[Round "7.11"]
[White "Kuciel, Wladyslaw"]
[Black "Zschaebitz, Klaus"]
[Result "1-0"]
[WhiteElo "2002"]
[BlackElo "2105"]
[PlyCount "61"]

1. d4 e6 2. c4 Nf6 3. Nf3 b6 4. g3 Bb7 5. Bg2 Be7 6. O-O O-O 7. Nc3 Ne4 8. Qc2
Nxc3 9. Qxc3 f5 10. b3 Bf6 11. Bb2 d6 12. Rfd1 Be4 13. Ne1 Bxg2 14. Nxg2 Nd7
15. Qc2 g5 16. f4 Qe7 17. e4 fxe4 18. Qxe4 a5 19. Re1 Rae8 20. Rad1 Qg7 21. Rf1
Re7 22. Ne3 Qg6 23. f5 Qf7 24. Qb7 c5 25. fxe6 Qxe6 26. Nf5 Ree8 27. d5 Rb8 28.
Qxb8 Nxb8 29. dxe6 Bxb2 30. Rxd6 Na6 31. Nh6+ 1-0

[Event "XXVII Miedzynarodowy Turniej im. Tadeus"]
[Site "Police"]
[Date "2012.??.??"]
[Round "7.12"]
[White "Jacek, Roksana"]
[Black "Kurpiewski, Slawomir"]
[Result "1-0"]
[WhiteElo "1861"]
[BlackElo "2168"]
[PlyCount "137"]

1. e4 e5 2. Nf3 Nc6 3. Bb5 a6 4. Ba4 Nf6 5. O-O Be7 6. Re1 b5 7. Bb3 O-O 8. h3
Bb7 9. c3 d5 10. exd5 Nxd5 11. d4 exd4 12. cxd4 Bf6 13. Nc3 Nxc3 14. bxc3 b4
15. Bb2 Re8 16. Qd3 Qd6 17. Qc4 Rxe1+ 18. Rxe1 Rf8 19. Re8 Nd8 20. Rxf8+ Kxf8
21. cxb4 Bxf3 22. gxf3 Be7 23. Qd3 Qh6 24. Qf5 g6 25. Qe5 Qg5+ 26. Qxg5 Bxg5
27. a3 Bf6 28. Bc4 Ne6 29. Bxa6 Nxd4 30. Kg2 Ke7 31. Bc1 c6 32. Bc4 Ne6 33. a4
Bc3 34. a5 Bxb4 35. Bxe6 Bxa5 36. Bc4 Bc3 37. Ba3+ Kf6 38. Bc5 Be5 39. Kf1 Kg7
40. Ke2 f5 41. Ke3 Kh6 42. f4 Bf6 43. Bf1 Kh5 44. Kf3 Kh4 45. Kg2 Bd8 46. Be2
Bf6 47. Bf3 g5 48. fxg5 Kxg5 49. Bxc6 h5 50. Be3+ f4 51. Bd2 Be5 52. Kf3 Bc7
53. Bd7 Kh4 54. Bb4 Kg5 55. Be7+ Kh6 56. h4 Be5 57. Bg5+ Kg6 58. Be8+ Kf5 59.
Bxh5 Bb2 60. Bg4+ Kg6 61. Bxf4 Bf6 62. h5+ Kh7 63. Bf5+ Kg8 64. h6 Kf7 65. Ke4
Bh8 66. Be5 Kg8 67. Bxh8 Kxh8 68. Bg6 Kg8 69. f4 1-0

[Event "XXVII Miedzynarodowy Turniej im. Tadeus"]
[Site "Police"]
[Date "2012.??.??"]
[Round "7.13"]
[White "Graf, Pawel"]
[Black "Pawlicz, Adam"]
[Result "0-1"]
[WhiteElo "2120"]
[BlackElo "2079"]
[PlyCount "86"]

1. e4 c6 2. d3 d5 3. Nd2 e5 4. g3 Nf6 5. Bg2 Bc5 6. h3 O-O 7. Ngf3 dxe4 8. dxe4
Qc7 9. O-O Rd8 10. Qe2 Nbd7 11. Nb3 Bb6 12. Rd1 Re8 13. a4 a5 14. Nfd2 Nc5 15.
Nxc5 Bxc5 16. Nb3 Bb6 17. Bg5 Nd7 18. Qc4 Nf8 19. Nc5 Bxc5 20. Qxc5 Ne6 21. Qe3
f6 22. f4 fxg5 23. f5 Nf8 24. Qxg5 Qe7 25. Qh5 b6 26. Bf1 Ba6 27. Bxa6 Rxa6 28.
g4 Raa8 29. g5 Rad8 30. Rf1 Rd6 31. Ra3 g6 32. Qg4 gxf5 33. exf5 e4 34. Re3 Qe5
35. f6 Kh8 36. f7 Ree6 37. h4 Rd2 38. Rf4 Rxc2 39. Rexe4 Qc5+ 40. Rd4 Re1+ 41.
Rf1 Ree2 42. Rfd1 Qe5 43. Qf4 Rg2+ 0-1

[Event "XXVII Miedzynarodowy Turniej im. Tadeus"]
[Site "Police"]
[Date "2012.??.??"]
[Round "7.14"]
[White "Maruszczak, Joanna"]
[Black "Oleniak, Wlodzimierz"]
[Result "0-1"]
[WhiteElo "1811"]
[BlackElo "1863"]
[PlyCount "50"]

1. e4 e5 2. Nf3 Nf6 3. Nc3 Nc6 4. d4 exd4 5. Nxd4 d6 6. Be2 Bd7 7. Be3 Nxd4 8.
Qxd4 Be7 9. f3 a6 10. O-O-O b5 11. g4 c5 12. Qd2 Be6 13. a3 Rb8 14. g5 b4 15.
axb4 cxb4 16. Nb1 Nd7 17. Bxa6 O-O 18. f4 Ba2 19. b3 Qa5 20. Bc4 Bxb1 21. Kxb1
Ra8 22. Bd4 Nb6 23. Qd3 Nxc4 24. Qxc4 Rfc8 25. Qd3 Rc3 0-1

[Event "XXVII Miedzynarodowy Turniej im. Tadeus"]
[Site "Police"]
[Date "2012.??.??"]
[Round "7.15"]
[White "Radwan, Leszek"]
[Black "Maliszewski, Jaroslaw"]
[Result "1-0"]
[WhiteElo "2091"]
[BlackElo "1796"]
[PlyCount "89"]

1. d4 f5 2. c4 Nf6 3. Nc3 b6 4. f3 Bb7 5. e3 e6 6. Bd3 d5 7. Nge2 Bd6 8. cxd5
Nxd5 9. O-O Nf6 10. e4 fxe4 11. fxe4 e5 12. Nb5 exd4 13. Nxd6+ Qxd6 14. Qa4+
Nbd7 15. Bf4 Qe7 16. Nxd4 O-O 17. Nf5 Qc5+ 18. Be3 Qe5 19. Bd4 Qe8 20. Bb5 Qxe4
21. Qb3+ Bd5 22. Qg3 Nh5 23. Nh6+ Kh8 24. Bxg7+ Nxg7 25. Bxd7 Qd4+ 26. Rf2 Bxa2
27. Bb5 Qxf2+ 28. Qxf2 Rxf2 29. Kxf2 Be6 30. g4 Rf8+ 31. Kg3 Rf6 32. g5 Nf5+
33. Kf4 Rf8 34. Ke5 Bc8 35. Rxa7 Nxh6 36. gxh6 Rf5+ 37. Kd4 c5+ 38. Ke3 Rf8 39.
Ra8 Rd8 40. Bd7 Kg8 41. Rxc8 Rxc8 42. Bxc8 b5 43. Ba6 b4 44. Ke4 Kf7 45. Kd5
1-0